Lademanns Dyreleksikon 5 fodekæde - hamstere

Bibliographic Details
Format: Book
Language:Danish
PhysicalDescription:128 s. fot.,il.,mp. 30 cm
Published: København Lademann 1974
Subjects:

MARC

LEADER 00000cam a2200000 a 4500
001 vtls010109925
003 SK-MaSNL
005 20260301212945.0
008 210928t1974 dk ojabg ef 000 0 dan
015 |a SNBZSA1974 
040 |a SNK  |b slo  |c SNK  |e AACR2 
041 0 |a dan 
044 |a dk  |c DK 
080 |a 592/599  |2 2001 
080 |a 572  |2 2001 
080 |a 56:59  |2 2001 
080 |a (035)  |2 2001 
245 0 0 |a Lademanns Dyreleksikon  |n 5  |p fodekæde - hamstere  |c Hovedredaktor J. B. Kirkegaard 
260 |a København  |b Lademann  |c 1974 
300 |a 128 s.  |b fot.,il.,mp.  |c 30 cm 
650 0 7 |a živočíchy  |2 SNKPH  |9 1094 
650 0 7 |a antropológia  |2 SNKPH  |9 717 
650 0 7 |a paleozoológia  |2 SNKPH  |9 69847 
655 7 |a encyklopédie  |2 SNKPH  |9 28776 
958 |a OND 
999 |c 919877  |d 921807 
952 |a SNK  |b SNK  |y PREZ  |7 0  |p 17A0897656  |o snkSB 18981/5  |i snkKIP 9795/74  |0 0  |1 0  |4 0  |d 2015-06-16  |l 0  |r 2025-03-20 00:00:00  |w 2026-02-24